中史多選題 - Statistics

General Stats
  • This quiz has been taken 41 times
  • The average score is 86 of 123
Answer Stats
Question Tile Select % Correct
戰國七雄 Yes
100%
戰國七雄 Yes
100%
戰國七雄 Yes
100%
戰國七雄 Yes
100%
戰國七雄 No
100%
戰國七雄 No
100%
戰國七雄 No
100%
戰國七雄 No
97%
戰國七雄 No
97%
戰國七雄 No
97%
戰國七雄 No
97%
戰國七雄 No
97%
戰國七雄 Yes
95%
戰國七雄 Yes
95%
戰國七雄 No
95%
戰國七雄 Yes
92%
清朝年號 天寶 No
84%
清朝年號 建隆 No
84%
清朝年號 貞觀 No
84%
鴉片戰爭南京條約中五個開放的港口 北京 No
84%
鴉片戰爭南京條約中五個開放的港口 大連 No
84%
八國聯軍 英國 Yes
84%
八國聯軍 法國 Yes
84%
八國聯軍 波蘭 No
84%
八國聯軍 墨西哥 No
84%
清朝年號 崇禎 No
81%
清朝年號 洪憲 No
81%
清朝年號 永樂 No
81%
清朝年號 靖康 No
81%
清朝年號 隆慶 No
81%
清朝年號 萬曆 No
81%
鴉片戰爭南京條約中五個開放的港口 揚州 No
81%
鴉片戰爭南京條約中五個開放的港口 漢口 No
81%
鴉片戰爭南京條約中五個開放的港口 湛江 No
81%
八國聯軍 日本 Yes
81%
八國聯軍 奧斯曼 No
81%
八國聯軍 瑞典 No
81%
清朝年號 大同 No
78%
清朝年號 永曆 No
78%
清朝年號 洪武 No
78%
清朝年號 康熙 Yes
78%
清朝年號 雍正 Yes
78%
鴉片戰爭南京條約中五個開放的港口 香港 No
78%
八國聯軍 比利時 No
78%
五代十國 西夏 No
76%
五代十國 南涼 No
76%
清朝年號 咸豐 Yes
76%
清朝年號 光緒 Yes
76%
清朝年號 嘉靖 No
76%
清朝年號 乾隆 Yes
76%
清朝年號 嘉慶 Yes
76%
清朝年號 道光 Yes
76%
八國聯軍 俄羅斯 Yes
76%
八國聯軍 美國 Yes
76%
八國聯軍 奧匈帝國 Yes
76%
五代十國 北涼 No
73%
五代十國 南燕 No
73%
清朝年號 同治 Yes
73%
清朝年號 宣統 Yes
73%
清朝年號 康德 No
73%
清朝年號 順治 Yes
73%
鴉片戰爭南京條約中五個開放的港口 上海 Yes
73%
八國聯軍 德國 Yes
73%
五胡十六國 後秦 Yes
70%
五胡十六國 南漢 No
70%
五代十國 後晉 Yes
70%
五代十國 後梁 Yes
70%
五代十國 後燕 No
70%
鴉片戰爭南京條約中五個開放的港口 溫州 No
70%
鴉片戰爭南京條約中五個開放的港口 青島 No
70%
八國聯軍 西班牙 No
70%
八國聯軍 荷蘭 No
70%
五代十國 後趙 No
68%
五代十國 北齊 No
68%
五代十國 後漢 Yes
68%
五代十國 後周 Yes
68%
五代十國 北燕 No
68%
鴉片戰爭南京條約中五個開放的港口 南京 No
68%
鴉片戰爭南京條約中五個開放的港口 泉州 No
68%
八國聯軍 葡萄牙 No
68%
五胡十六國 北漢 No
65%
五代十國 北周 No
65%
五代十國 後唐 Yes
65%
八國聯軍 意大利 Yes
65%
五胡十六國 前蜀 No
62%
五胡十六國 後趙 Yes
62%
五胡十六國 前秦 Yes
62%
五胡十六國 北燕 Yes
62%
五代十國 後秦 No
62%
鴉片戰爭南京條約中五個開放的港口 寧波 Yes
62%
五胡十六國 西魏 No
59%
五胡十六國 後蜀 No
59%
鴉片戰爭南京條約中五個開放的港口 廣州 Yes
59%
鴉片戰爭南京條約中五個開放的港口 廈門 Yes
59%
鴉片戰爭南京條約中五個開放的港口 天津 No
59%
鴉片戰爭南京條約中五個開放的港口 福州 Yes
57%
五胡十六國 南燕 Yes
54%
五胡十六國 東魏 No
54%
五胡十六國 前燕 Yes
54%
五胡十六國 成漢 Yes
54%
五胡十六國 前趙 Yes
54%
五胡十六國 後燕 Yes
51%
五胡十六國 後涼 Yes
51%
五胡十六國 北涼 Yes
51%
五胡十六國 西涼 Yes
49%
五胡十六國 前涼 Yes
49%
五代十國 南唐 Yes
49%
五胡十六國 北魏 No
46%
五胡十六國 北周 No
46%
五代十國 後蜀 Yes
46%
五代十國 北漢 Yes
46%
五胡十六國 西秦 Yes
43%
五胡十六國 南涼 Yes
43%
五胡十六國 北齊 No
43%
五代十國 南平 Yes
43%
五代十國 吳越 Yes
43%
五代十國 Yes
41%
五代十國 南漢 Yes
41%
五代十國 前蜀 Yes
41%
五胡十六國 Yes
35%
五代十國 Yes
35%
五代十國 Yes
35%
清朝年號 崇德 Yes
16%
No matching quizzes found
Score Distribution
Percent of People with Each Score
Percentile by Number Answered
Your Score History
You have not taken this quiz